|
|
|
|
| LEADER |
02095nam a2200553 a 4500 |
| 001 |
nkc20142609956 |
| 003 |
CZ PrNK |
| 005 |
20140917111859.0 |
| 007 |
ta |
| 008 |
140721s2014 xr ace e f 000 0deng |
| 015 |
|
|
|a cnb002609956
|
| 020 |
|
|
|a 978-80-260-6548-7
|q (brož.)
|z 9788026065487
|
| 035 |
|
|
|a (OCoLC)892781169
|
| 040 |
|
|
|a OLA001
|b cze
|d ABA001
|
| 041 |
1 |
|
|a eng
|h cze
|
| 043 |
|
|
|a e-xr---
|b e-xr-pg
|2 czenas
|
| 045 |
|
|
|a r8y0
|
| 072 |
|
7 |
|a 316.7
|x Sociologie kultury. Kulturní život
|2 Konspekt
|9 1
|
| 080 |
|
|
|a 316.367.7
|2 MRF
|
| 080 |
|
|
|a 913:94
|2 MRF
|
| 080 |
|
|
|a 316.72/.75
|2 MRF
|
| 080 |
|
|
|a 94(437.311)
|2 MRF
|
| 080 |
|
|
|a (036)
|2 MRF
|
| 245 |
0 |
0 |
|a Queer Prague :
|b a guide to the LGBT history of the Czech capital 1380-2000 /
|c [Jan Seidl ... et al. ; translation Katarína Mináriková and Tereza Janáčková]
|
| 246 |
3 |
0 |
|a Guide to the LGBT history of the Czech capital 1380-2000
|
| 260 |
|
|
|a Brno :
|b Černé pole,
|c 2014
|
| 300 |
|
|
|a 295 s. :
|b il., portréty, plány ;
|c 21 cm
|
| 500 |
|
|
|a Přeloženo z češtiny?
|
| 504 |
|
|
|a Obsahuje bibliografii
|
| 648 |
|
4 |
|a 1380-2000
|
| 648 |
|
7 |
|a 14.-21. století
|7 ch757053
|2 czenas
|
| 650 |
0 |
7 |
|a homosexualita
|7 ph120792
|z Česko
|2 czenas
|
| 650 |
0 |
7 |
|a homosexualita
|7 ph120792
|x dějiny
|2 czenas
|
| 650 |
0 |
7 |
|a historický místopis
|7 ph137052
|z Česko
|2 czenas
|
| 650 |
0 |
7 |
|a kultura a společnost
|7 ph122010
|z Česko
|2 czenas
|
| 650 |
0 |
9 |
|a homosexuality
|z Czechia
|2 eczenas
|
| 650 |
0 |
9 |
|a homosexuality
|x history
|2 eczenas
|
| 650 |
0 |
9 |
|a historical topography
|z Czechia
|2 eczenas
|
| 650 |
0 |
9 |
|a culture and society
|z Czechia
|2 eczenas
|
| 651 |
|
7 |
|a Praha (Česko)
|7 ge118011
|x dějiny
|y 14.-21. století
|2 czenas
|
| 651 |
|
9 |
|a Prague (Czechia)
|x history
|y 14th-21st centuries
|2 eczenas
|
| 655 |
|
7 |
|a průvodce
|7 fd133154
|2 czenas
|
| 655 |
|
9 |
|a guidebooks
|2 eczenas
|
| 700 |
1 |
|
|a Seidl, Jan,
|d 1981-
|7 mzk2005286926
|4 aut
|
| 910 |
2 |
|
|a BOA001
|b 2-1326.489
|
| 990 |
|
|
|a BK
|
| 995 |
|
|
|a 01
|
| 991 |
|
|
|b 201409
|c NOV
|e n
|
| 996 |
6 |
|
|b 2610601592
|c 2-1326.489
|l MZK
|r Sklad / do 1 hodiny
|n 4
|p p.v.
|w 001449699
|u 000010
|a 1
|e BOA001
|j MZK50
|s P
|